[Event "Florence op 6th"]
[Site "Florence"]
[Date "2012.11.02"]
[Round "3"]
[White "Fiaschi, Maurizio"]
[Black "Cignolini, Eugenio"]
[Result "1-0"]
[WhiteElo "1673"]
[BlackElo "1661"]
[PlyCount "73"]
[EventDate "2012.11.01"]
[EventType "swiss"]
[EventRounds "7"]
[EventCountry "ITA"]
[SourceTitle "EXT 2014"]
[Source "ChessBase"]
[SourceDate "2013.11.20"]
[SourceVersion "1"]
[SourceVersionDate "2013.11.20"]
[SourceQuality "1"]

1. e4 d6 2. d4 Nf6 3. Bd3 g6 4. Nc3 e5 5. dxe5 dxe5 6. Bg5 c6 7. Qe2 Nbd7 8. 0-0-0 Bg7 9. f4 Qc7 10. f5 0-0 11. fxg6 fxg6 12. Bc4+ Kh8 13. h4 h5 14. Be6 Nc5 15. Bxc8 Qxc8 16. Bxf6 Bxf6 17. Rd6 Qc7 18. Qd2 Kg7 19. b4 Rad8 20. bxc5 Rxd6 21. cxd6 Qa5 22. Nf3 Rd8 23. d7 b5 24. Ng5 Bxg5 25. hxg5 Qa3+ 26. Kd1 Qe7 27. Rh3 Rxd7 28. Rd3 Rxd3 29. cxd3 a5 30. d4 exd4 31. Qxd4+ Kg8 32. Qf6 Qd7+ 33. Kc2 Kh7 34. e5 Qf5+ 35. Qxf5 gxf5 36. e6 Kg6 37. Ne2 1-0

[Event "Florence op 6th"]
[Site "Florence"]
[Date "2012.11.01"]
[Round "2"]
[White "Cignolini, Eugenio"]
[Black "Engl, Alexander"]
[Result "0-1"]
[WhiteElo "1661"]
[BlackElo "1737"]
[PlyCount "80"]
[EventDate "2012.11.01"]
[EventType "swiss"]
[EventRounds "7"]
[EventCountry "ITA"]
[SourceTitle "EXT 2014"]
[Source "ChessBase"]
[SourceDate "2013.11.20"]
[SourceVersion "1"]
[SourceVersionDate "2013.11.20"]
[SourceQuality "1"]

1. c4 f5 2. Nc3 Nf6 3. d3 g6 4. Nf3 Bg7 5. g3 d6 6. Bg2 e5 7. Bg5 c6 8. Qd2 h6 9. Bxf6 Qxf6 10. e4 f4 11. Ne2 0-0 12. 0-0 Bg4 13. gxf4 exf4 14. Rab1 Nd7 15. d4 Rae8 16. h3 Bh5 17. Qd3 Qe6 18. Nc3 Bxf3 19. Qxf3 Bxd4 20. Rbd1 Ne5 21. Rxd4 Nxf3+ 22. Bxf3 Qxh3 23. Bg2 Qg4 24. f3 Qg3 25. Rxd6 Rd8 26. e5 Qg5 27. Re1 Rxd6 28. exd6 Qc5+ 29. Kh1 Qxd6 30. Bh3 Qd3 31. Kg2 Qd8 32. Ne4 h5 33. Re2 g5 34. Rd2 Qa5 35. Be6+ Kh8 36. c5 Re8 37. Rd6 g4 38. Ng5 Qxc5 39. Ne4 gxf3+ 40. Kh3 Qc2 0-1

[Event "Florence op 6th"]
[Site "Florence"]
[Date "2012.11.01"]
[Round "1"]
[White "Ghods, Maziar"]
[Black "Cignolini, Eugenio"]
[Result "1-0"]
[WhiteElo "1896"]
[BlackElo "1661"]
[PlyCount "41"]
[EventDate "2012.11.01"]
[EventType "swiss"]
[EventRounds "7"]
[EventCountry "ITA"]
[SourceTitle "EXT 2014"]
[Source "ChessBase"]
[SourceDate "2013.11.20"]
[SourceVersion "1"]
[SourceVersionDate "2013.11.20"]
[SourceQuality "1"]

1. d4 f5 2. Nc3 Nf6 3. Bg5 d5 4. f3 Nbd7 5. Qd2 c6 6. Nh3 c5 7. dxc5 e6 8. e4 dxe4 9. fxe4 fxe4 10. Bc4 Qe7 11. 0-0-0 Ne5 12. Bb3 Bd7 13. Nf2 Bc6 14. Bxf6 Qxf6 15. Nfxe4 Qg6 16. Nd6+ Bxd6 17. Qxd6 Qg5+ 18. Kb1 Bd7 19. Rhe1 0-0-0 20. Qxe5 Qxg2 21. Ne4 1-0